Norwegian things [pic] - Statistics

General Stats
  • This quiz has been taken 34 times
  • The average score is 9 of 16
Answer Stats
Picture Answer % Correct
Fjords
94%
Viking
90%
Polar bear
87%
The Scream
84%
Oil
81%
Stockfish
71%
Sámi people
58%
Hardingfele (Hardanger fiddle)
45%
Skiing
45%
Henrik Ibsen
35%
Hurtigruten
35%
Nordkapp
35%
Black metal
29%
Kon-Tiki
23%
Trolltunga
23%
Smørbrød (Norwegian sandwich)
16%
No matching quizzes found
Score Distribution
Percent of People with Each Score
Percentile by Number Answered
Your Score History
You have not taken this quiz